| Tag |
First Indicator |
Second Indicator |
Subfields |
| LEADER |
00000cam a2200000Ia 4500 |
| 001 |
in00002029621 |
| 005 |
20151101050401.0 |
| 008 |
050228s1973 coua b 000 0 eng d |
| 035 |
|
|
|a (OCoLC)ocm57758813
|
| 040 |
|
|
|a TXA
|c TXA
|d UtOrBLW
|
| 043 |
|
|
|a cc-----
|
| 049 |
|
|
|a TXAM
|
| 090 |
|
|
|a QC851
|b .C6 no. 208
|
| 100 |
1 |
|
|a Cox, Stephen K.
|
| 245 |
1 |
0 |
|a Radiation components of the energy budget for BOMEX /
|c by Stephen K. Cox.
|
| 264 |
|
1 |
|a Fort Collins, Colo. :
|b Dept. of Atmospheric Science, Colorado State University,
|c 1973.
|
| 300 |
|
|
|a v, 43 pages :
|b illustrations ;
|c 28 cm.
|
| 336 |
|
|
|a text
|b txt
|2 rdacontent
|
| 337 |
|
|
|a unmediated
|b n
|2 rdamedia
|
| 338 |
|
|
|a volume
|b nc
|2 rdacarrier
|
| 490 |
1 |
|
|a Atmospheric science paper ;
|v no. 208
|
| 504 |
|
|
|a Includes bibliographical references (page 43).
|
| 610 |
2 |
0 |
|a Barbados Oceanographic and Meteorological Experiment (BOMEX)
|
| 650 |
|
0 |
|a Solar radiation.
|
| 650 |
|
0 |
|a Marine meteorology.
|
| 710 |
2 |
|
|a Colorado State University.
|b Department of Atmospheric Science.
|
| 830 |
|
0 |
|a Atmospheric science paper ;
|v no. 208.
|
| 994 |
|
|
|a E0
|b TXA
|
| 999 |
|
|
|a MARS
|
| 999 |
f |
f |
|s 010c3731-3aab-33d1-8b53-37a66ef86115
|i f1df0b6d-dddf-3b7a-9690-0dc26c8efed2
|t 0
|
| 952 |
f |
f |
|p normal
|a Texas A&M University
|b College Station
|c Sterling C. Evans Library
|d Evans: Library Stacks
|t 0
|e QC851 .C6 no. 208
|h Library of Congress classification
|i unmediated -- volume
|m A14823451447
|
| 998 |
f |
f |
|a QC851 .C6 no. 208
|t 0
|l Evans: Library Stacks
|